| 000 | 00889nam a2200265Ia 4500 | ||
|---|---|---|---|
| 003 | OSt | ||
| 005 | 20221007122345.0 | ||
| 006 | a|||||r|||| 00| 0 | ||
| 007 | ta | ||
| 008 | 221006b |||||||| |||| 00| 0 eng d | ||
| 020 |
_a0849335892 (hbd) _c5861.6671999999999 |
||
| 024 | _a83007 | ||
| 037 |
_b19, 12/12/2008, Aviva Books Company _cTextbook |
||
| 040 |
_aPAPL _cPAPL _beng |
||
| 041 |
_2eng _aeng |
||
| 082 | _aC5:(D), P7 Carpa | ||
| 100 |
_aSennaroglu Alphan Ed. _9714117 |
||
| 245 | 0 | _aSolid-state lasers and applications | |
| 260 |
_aBoca _bRotan CRC Press _c2007 |
||
| 300 |
_aix, 529p. _ccm. |
||
| 490 | _aOptical science and engineering, 119 | ||
| 500 | _aIncludes bibliographical references.; Index 511-529p. | ||
| 942 |
_hC5:(D), P7 Carpa _cTB _2CC |
||
| 999 |
_c1210216 _d1210216 |
||